| 000 | 00939nam a22003017a 4500 | ||
|---|---|---|---|
| 001 | BR0304512 | ||
| 003 | BR-BrBNA | ||
| 005 | 20230928101358.0 | ||
| 007 | ta | ||
| 008 | 230509b bl.||||| |||| 00| 0 por d | ||
| 040 |
_aBR-BrBNA _bpor _cBiblioteca Nacional de Agricultura |
||
| 041 | _a(Por) | ||
| 072 |
_aF61 _b1060 |
||
| 090 | _ 1060 BR0304512 | ||
| 100 | 1 | _aFenilli, T.A.B. | |
| 110 | 1 |
_aCentro de Energia Nuclear na Agricultura, Piracicaba, SP (Brasil) _0Tese (Mestre em Ciências) |
|
| 245 | 1 | _aDinâmica do nitrogênio em laranjeiras jovens, cultivadas em solução nutritiva | |
| 260 | 3 |
_aPiracicaba, SP (Brasil): _c2002. |
|
| 300 | _a57 p. | ||
| 500 | _aSummaries (Eng, Por); Bibliography p. 48-56; 19 illus.14 tables | ||
| 650 | _aLARANJA | ||
| 650 | _aNITROGÊNIO | ||
| 650 | _aESPECTROMETRIA | ||
| 650 | _aNUTRIÇÃO VEGETAL | ||
| 650 | _aCITRICULTURA | ||
| 909 |
_a202309 _bLucia _c55 _dLucia Elande |
||
| 942 | _cBK | ||
| 999 |
_c65532 _d65532 |
||